00852cam a2200265Mc 4500001001300000003000900013005001700022008004100039020001800080035002100098040004400119041000800163100002600171245010700197260003800304300001800342490001800360650002800378650002100406650002000427650003000447651004600477700003300523765003000556ocn893890749Co-BoUCM20170623132349.0170623s2014 sp 000 f spa d a9789876702447 a(OCoLC)893890749 aCo-BoUCMbspacSaul NiñodSaul Niño1 aspa1 aKundera, Miland1929-13aLa fiesta de la insignificanciacMilan Kundera ; traducido del original francés por Beatriz de Moura aBarcelonabTusquet Editoresc2014 a138 páginas0 aAndanzasv837 7aNovela checa ySiglo XX 7aAmistad vNovela 7aHombre vNovela 7aManners and customs2fast 0aFranciaxVida social y costumbresvNovela1 aMoura, Beatriz deetraductor tLa fetede l'insignifiance